00859nam a2200229 a 45000010005000000030008000050050017000130080041000300350054000710400035001250410008001600820021001681000020001892450091002092600039003003000024003395000166003635040020005296500022005497000033005718300025006048818BD-RjUL20211208234646.0140119s1964 nyu 001 0 eng d a(BD-RjUL)8863aCURL 05uq00029626(Lon) from wsc328 aBD-RjULbengcBD-RjULdBD-RjUL aeng00a539.75bJAS 19641 aJacob, Maurice.10aStrong-interaction physics :ba lecture note volume /cMaurice Jacob, Geoffrey F. Chew aNew York :bW.A. Benjamin,cc1964. axi, 154 p. ;c23 cm a"... two short graduate courses on strong interactions given in the Middle East Technical University, Ankara, during the academic year 1962-63." - Prefatory note aIncludes index. 0aNuclear reaction.1 aChew, G.q(Geoffrey),d1924- 0aFrontiers in physics